000 01233cam a2200325 a 4500
003 CHAP
005 20220329143534.0
008 100426s2001 fr a r 00010 spa d
010 _a98237
011 _a99209
020 _a9264485880
035 _a109894
040 _cCHAP
082 0 4 _a352.2
_bOc19
110 2 _aOrganización para la Cooperación y el Desarrollo Económicos. París
_983559
245 1 0 _aAsociaciones locales para una mejor gobernabilidad
_c/por Organización para la Cooperación y Desarrollo Económicos
260 _aParís :
_bOrganización para la Cooperación y Desarrollo Económico,
_cc2001
300 _a161 p.
534 _aTit. original :
_tDes partenariats locaux pour une meilleure gouvernance
534 _aTit. original :
_tLocal partnerships for better governance
590 _aBATCH-UPD
_b10
_c20130110
_lUCH01
_h1428
590 _aBATCH-UPD
_b10
_c20130410
_lUCH01
_h0906
590 _aBATCH-UPD
_b10
_c20130914
_lUCH01
_h1450
590 _aCONVERSION
_b10
_c20130109
_lUCH01
_h1354
650 1 4 _aFuncionarios públicos.
_943958
650 1 4 _aGobierno local.
_948410
901 _aBK
942 _cLIBRO
949 _a352.2 Oc19
_bBC
_cLIBRO
_d33724002166439
_eLIBRO
_gDonaciØn
_h112368
_i109894
_sb
999 _c98237
_d98237